| 000 | 00842cam a22002533a 4500 | ||
|---|---|---|---|
| 001 | 12806 | ||
| 003 | PGUSA | ||
| 005 | 20140828083257.0 | ||
| 008 | 040703s2004||||xxu|||||s|||||000 1 eng d | ||
| 040 |
_aPGUSA _beng |
||
| 042 | _adc | ||
| 050 | 4 | _aPZ | |
| 100 | 1 |
_aHancock, H. Irving _q(Harrie Irving), _d1868-1922 |
|
| 245 | 1 | 0 |
_aDick Prescott's Third Year at West Point : _bOr, Standing Firm for Flag and Honor _h[electronic resource] / _cH. Irving Hancock |
| 260 |
_bProject Gutenberg, _c2004 |
||
| 506 | _aPublic domain in the USA. | ||
| 516 | _aElectronic text | ||
| 653 | _aUnited States Military Academy -- Juvenile fiction | ||
| 653 | _aCollege stories | ||
| 653 | _aMilitary cadets -- United States -- Juvenile fiction | ||
| 830 | 0 |
_aProject Gutenberg _v12806 |
|
| 856 | 4 | 0 | _uhttp://www.gutenberg.org/ebooks/12806 |
| 942 | _cEB | ||
| 999 |
_c242061 _d242061 |
||